|
|
|
|
| LEADER |
00000cam a2200000 7i4500 |
| 001 |
0000051710 |
| 005 |
20150906.0 |
| 008 |
150906 |
| 020 |
|
|
|a 9832852811(set)
|
| 020 |
|
|
|a 9832852900
|
| 090 |
0 |
0 |
|a MOR
|b MAL
|
| 100 |
0 |
|
|a Syed Mahadzir
|
| 245 |
1 |
0 |
|a Valjean Mangsa Buli
|c Syed Mahadzir
|
| 260 |
|
|
|a Selangor :
|b Cooray'sHouse of Publication Sdn Bhd ,
|c (s.n)
|
| 490 |
0 |
|
|a Siri Hentikan Buli
|
| 999 |
|
|
|a 0001049944
|b Book
|c Children Collection
|e Cawangan Taman Universiti
|
| 999 |
|
|
|a 0001052097
|b Book
|c Children Collection
|e Cawangan Taman Universiti
|
| 999 |
|
|
|a 0001052098
|b Book
|c Children Collection
|e Cawangan Mersing
|
| 999 |
|
|
|a 0001052099
|b Book
|c Children Collection
|e Cawangan Pontian
|
| 999 |
|
|
|a 0001052100
|b Book
|c Children Collection
|e Cawangan Taman Sri Lambak
|
| 999 |
|
|
|a 0001052101
|b Book
|c Children Collection
|e Cawangan Kota Tinggi
|
| 999 |
|
|
|a 0001070718
|b Book
|c Children Collection
|e Cawangan Segamat
|
| 999 |
|
|
|a 0001071051
|b Book
|c Children Collection
|e Cawangan Pontian
|
| 999 |
|
|
|a 0001071124
|b Book
|c Children Collection
|e Cawangan Taman Universiti
|
| 999 |
|
|
|a 0001075558
|b Book
|c Children Collection
|e Cawangan Taman Universiti
|
| 999 |
|
|
|a 0001075567
|b Book
|c Children Collection
|e Cawangan Tangkak
|
| 999 |
|
|
|a 0001075599
|b Book
|c Teenagers
|e Cawangan Bandar Tenggara
|
| 999 |
|
|
|a 0001075646
|b Book
|c Teenagers
|e Cawangan Bandar Tenggara
|
| 999 |
|
|
|a 0001075751
|b Book
|c Children Collection
|e Cawangan Pontian
|
| 999 |
|
|
|a 0001130563
|b Book
|c Children Collection
|e Cawangan Tangkak
|
| 999 |
|
|
|a 0001130682
|b Book
|c Children Collection
|e Cawangan Segamat
|
| 999 |
|
|
|a 0001133968
|b Book
|c Children Collection
|e Cawangan Taman Universiti
|
| 999 |
|
|
|a 0001138600
|b Book
|c Teenagers
|e Cawangan Bandar Tenggara
|
| 999 |
|
|
|a 0001138912
|b Book
|c Children Collection
|e Cawangan Mersing
|